<A> Course in Econometrics

Saved in:
Bibliographic Details
Main Author: Goldberger, Arthur S.
Format: Book
Language:English
Published: Cambridge Harvard University Press 1994
Edition:1. ed., 2. repr.
Subjects:
Tags: Add Tag
No Tags, Be the first to tag this record!

MARC

LEADER 00000nam a2200000 4500
001 c012736
005 20221205140413.8
020 |a 0-674-17544-1 
041 0 |a eng 
044 |a US 
245 1 0 |a <A> Course in Econometrics  |c Arthur S. Goldberger 
250 |a 1. ed., 2. repr. 
264 1 |a Cambridge  |b Harvard University Press  |c 1994 
300 |a 405 s. 
610 2 0 |a ekonometria 
610 2 0 |a ekonómia matematická 
610 2 0 |a pravdepodobnosť 
610 2 0 |a teória ekonomická matematická 
610 2 0 |a modelovanie ekonometrické 
610 2 0 |a modely ekonometrické 
610 2 0 |a modely ekonomicko-matematické 
610 2 0 |a hypotézy štatistické 
100 1 |a Goldberger, Arthur S.